<?xml version="1.0" encoding="UTF-8"?><marc:collection xmlns:marc="http://www.loc.gov/MARC21/slim">
  <marc:record>
    <marc:leader>00000nam##2200000za#4500</marc:leader>
    <marc:controlfield tag="001">9.623577</marc:controlfield>
    <marc:controlfield tag="003">CaOODSP</marc:controlfield>
    <marc:controlfield tag="005">20240212134142</marc:controlfield>
    <marc:controlfield tag="007">ta</marc:controlfield>
    <marc:controlfield tag="008">150406|1996||||xxc|||||     f|0| 0 fre|d</marc:controlfield>
    <marc:datafield tag="020" ind1=" " ind2=" ">
      <marc:subfield code="a">0-662-80693-X</marc:subfield>
    </marc:datafield>
    <marc:datafield tag="022" ind1=" " ind2=" ">
      <marc:subfield code="a">1713-0646</marc:subfield>
    </marc:datafield>
    <marc:datafield tag="040" ind1=" " ind2=" ">
      <marc:subfield code="a">CaOODSP</marc:subfield>
      <marc:subfield code="b">fre</marc:subfield>
    </marc:datafield>
    <marc:datafield tag="043" ind1=" " ind2=" ">
      <marc:subfield code="a">n-cn---</marc:subfield>
    </marc:datafield>
    <marc:datafield tag="086" ind1="1" ind2=" ">
      <marc:subfield code="a">NE22-1/1996-1F</marc:subfield>
    </marc:datafield>
    <marc:datafield tag="110" ind1="1" ind2=" ">
      <marc:subfield code="a">Canada. </marc:subfield>
      <marc:subfield code="b">Office national de l'énergie.</marc:subfield>
    </marc:datafield>
    <marc:datafield tag="245" ind1="1" ind2="0">
      <marc:subfield code="a">Relativement à Altresco Pittsfield, L.P.; Crestar Energy; Enron Capital &amp; TradeResources Corp. : </marc:subfield>
      <marc:subfield code="b">demandes, présentées conformément à la Partie VI de la Loi sur l'Office national de l'énergie, visant l'obtention de licences d'exportation de gaz naturel, Husky Oil Operations Ltd.: demande, présentée conformément à l'article 21 de la Loi sur l'Office national de l'énergie visant la modification d'une licence d'exportation de gaz naturel </marc:subfield>
    </marc:datafield>
    <marc:datafield tag="260" ind1=" " ind2=" ">
      <marc:subfield code="a">Calgary - Alberta : </marc:subfield>
      <marc:subfield code="b">Office national de l'énergie </marc:subfield>
      <marc:subfield code="c">Janvier 1996.</marc:subfield>
    </marc:datafield>
    <marc:datafield tag="300" ind1=" " ind2=" ">
      <marc:subfield code="a">v, 33p. : </marc:subfield>
      <marc:subfield code="b">tableaux ; </marc:subfield>
      <marc:subfield code="c">28 cm.</marc:subfield>
    </marc:datafield>
    <marc:datafield tag="490" ind1="1" ind2=" ">
      <marc:subfield code="a">Motifs de décision</marc:subfield>
      <marc:subfield code="x">1713-0646</marc:subfield>
    </marc:datafield>
    <marc:datafield tag="563" ind1=" " ind2=" ">
      <marc:subfield code="a">Couverture souple</marc:subfield>
    </marc:datafield>
    <marc:datafield tag="590" ind1=" " ind2=" ">
      <marc:subfield code="a">96-07</marc:subfield>
      <marc:subfield code="b">1996-02-16</marc:subfield>
    </marc:datafield>
    <marc:datafield tag="775" ind1="0" ind2="8">
      <marc:subfield code="t">In the matter of Altresco Pittsfield, L.P.; Crestar Energy; Enron Capital &amp; Trade Resources Corp. : </marc:subfield>
      <marc:subfield code="w">(CaOODSP)9.612666</marc:subfield>
    </marc:datafield>
    <marc:datafield tag="776" ind1="0" ind2="#">
      <marc:subfield code="t">Motifs de décision relativement à Altresco Pittsfield L.P, Crestar Energy, Enron Capital &amp; Trade Resources Corp, ... Husky Oil Operations Ltd. : </marc:subfield>
      <marc:subfield code="w">(CaOODSP)9.602835</marc:subfield>
    </marc:datafield>
    <marc:datafield tag="830" ind1="#" ind2="0">
      <marc:subfield code="a">Motifs de décision (Canada. Office national de l'énergie)</marc:subfield>
      <marc:subfield code="x">1713-0646</marc:subfield>
      <marc:subfield code="w">(CaOODSP)9.513162</marc:subfield>
    </marc:datafield>
    <marc:datafield tag="986" ind1=" " ind2=" ">
      <marc:subfield code="a">GH-4-95</marc:subfield>
    </marc:datafield>
  </marc:record>
</marc:collection>
